Loading...
| Mythology | 4 | 2 | 1 | 1 | 75 | 11 | 65.17 | 2 | 4 | 35.54 | 43.06 |
| Science - Physics | 0 | 7 | 0 | 1 | 70 | 51 | 82.43 | 1 | 6 | 23.45 | 58.33 |
| Science - Chemistry | 2 | 4 | 0 | 0 | 70 | 36 | 64.33 | 3 | 3 | 28.31 | 50.00 |
| History - Ancient/Other | 1 | 2 | 0 | 0 | 35 | 63 | 82.33 | 1 | 3 | 16.05 | 32.14 |
| Science - Biology | 0 | 2 | 0 | 0 | 20 | 59 | 84.50 | 0 | 1 | 6.11 | 16.67 |
| Science - Other | 0 | 2 | 0 | 0 | 20 | 105 | 106.50 | 0 | 0 | 3.34 | 12.50 |
| Literature - European | 1 | 0 | 0 | 0 | 15 | 71 | 71.00 | 0 | 1 | 5.63 | 8.33 |
| Mathematics | 0 | 1 | 0 | 0 | 10 | 95 | 95.00 | 0 | 1 | 22.76 | 75.00 |
| Geography | 0 | 1 | 0 | 1 | 10 | 123 | 123.00 | 0 | 0 | 0.20 | 6.25 |
| History - American | 0 | 1 | 0 | 1 | 10 | 115 | 115.00 | 0 | 0 | 0.19 | 2.78 |
| Literature - World | 0 | 1 | 0 | 0 | 10 | 106 | 106.00 | 0 | 1 | 3.10 | 6.94 |
| Religion | 1 | 0 | 2 | 0 | 5 | 41 | 41.00 | 0 | 1 | 7.76 | 8.33 |
| Fine Arts - Other | 0 | 0 | 1 | 0 | -5 | 0.00 | 0 | 0 | 0.00 | 0.00 | |
| History - Other | 0 | 0 | 1 | 0 | -5 | 0.00 | 0 | 0 | 0.00 | 0.00 |